<?xml version="1.0" encoding="UTF-8"?>
<collection xmlns="http://www.loc.gov/MARC21/slim">
 <record>
  <leader>02813cam a2200577  b4500</leader>
  <controlfield tag="001">1076545793</controlfield>
  <controlfield tag="003">DE-627</controlfield>
  <controlfield tag="005">20240424212011.0</controlfield>
  <controlfield tag="007">tu</controlfield>
  <controlfield tag="008">850101s1972    xx |||||      00| ||ger c</controlfield>
  <datafield tag="020" ind1=" " ind2=" ">
   <subfield code="a">3110022737</subfield>
   <subfield code="9">3-11-002273-7</subfield>
  </datafield>
  <datafield tag="035" ind1=" " ind2=" ">
   <subfield code="a">(DE-627)1076545793</subfield>
  </datafield>
  <datafield tag="035" ind1=" " ind2=" ">
   <subfield code="a">(DE-576)006545793</subfield>
  </datafield>
  <datafield tag="035" ind1=" " ind2=" ">
   <subfield code="a">(DE-599)BSZ006545793</subfield>
  </datafield>
  <datafield tag="035" ind1=" " ind2=" ">
   <subfield code="a">(OCoLC)01990516</subfield>
  </datafield>
  <datafield tag="035" ind1=" " ind2=" ">
   <subfield code="a">(OCoLC)1050484843</subfield>
  </datafield>
  <datafield tag="040" ind1=" " ind2=" ">
   <subfield code="a">DE-627</subfield>
   <subfield code="b">ger</subfield>
   <subfield code="c">DE-627</subfield>
   <subfield code="e">rakwb</subfield>
  </datafield>
  <datafield tag="041" ind1=" " ind2=" ">
   <subfield code="a">ger</subfield>
  </datafield>
  <datafield tag="082" ind1="0" ind2=" ">
   <subfield code="a">274.3</subfield>
  </datafield>
  <datafield tag="082" ind1="0" ind2=" ">
   <subfield code="a">282/.43/43</subfield>
  </datafield>
  <datafield tag="084" ind1=" " ind2=" ">
   <subfield code="a">9,10</subfield>
   <subfield code="a">1</subfield>
   <subfield code="2">ssgn</subfield>
  </datafield>
  <datafield tag="084" ind1=" " ind2=" ">
   <subfield code="a">NV 9550</subfield>
   <subfield code="2">rvk</subfield>
   <subfield code="0">(DE-625)rvk/131950:</subfield>
  </datafield>
  <datafield tag="084" ind1=" " ind2=" ">
   <subfield code="a">BO 1135</subfield>
   <subfield code="2">rvk</subfield>
   <subfield code="0">(DE-625)rvk/13905:</subfield>
  </datafield>
  <datafield tag="100" ind1="1" ind2=" ">
   <subfield code="a">Heyen, Franz-Josef</subfield>
   <subfield code="d">1928-2012</subfield>
   <subfield code="0">(DE-588)119120690</subfield>
   <subfield code="0">(DE-627)079914977</subfield>
   <subfield code="0">(DE-576)161414532</subfield>
   <subfield code="4">aut</subfield>
  </datafield>
  <datafield tag="245" ind1="1" ind2="4">
   <subfield code="a">Das Stift St. Paulin vor Trier</subfield>
   <subfield code="c">bearb. von Franz-Josef Heyen</subfield>
  </datafield>
  <datafield tag="246" ind1="3" ind2="0">
   <subfield code="a">Sankt</subfield>
  </datafield>
  <datafield tag="264" ind1=" " ind2="1">
   <subfield code="a">Berlin [u.a.]</subfield>
   <subfield code="b">de Gruyter</subfield>
   <subfield code="c">1972</subfield>
  </datafield>
  <datafield tag="300" ind1=" " ind2=" ">
   <subfield code="a">XII, 855 S.</subfield>
  </datafield>
  <datafield tag="336" ind1=" " ind2=" ">
   <subfield code="a">Text</subfield>
   <subfield code="b">txt</subfield>
   <subfield code="2">rdacontent</subfield>
  </datafield>
  <datafield tag="337" ind1=" " ind2=" ">
   <subfield code="a">ohne Hilfsmittel zu benutzen</subfield>
   <subfield code="b">n</subfield>
   <subfield code="2">rdamedia</subfield>
  </datafield>
  <datafield tag="338" ind1=" " ind2=" ">
   <subfield code="a">Band</subfield>
   <subfield code="b">nc</subfield>
   <subfield code="2">rdacarrier</subfield>
  </datafield>
  <datafield tag="490" ind1="1" ind2=" ">
   <subfield code="a">Das Erzbistum Trier</subfield>
   <subfield code="v">1</subfield>
  </datafield>
  <datafield tag="490" ind1="1" ind2=" ">
   <subfield code="a">Germania sacra / hrsg. vom Max-Planck-Institut für Geschichte. Red.: Irene Crusius</subfield>
   <subfield code="v">N.F., 6 : Die Bistümer der Kirchenprovinz Trier</subfield>
  </datafield>
  <datafield tag="500" ind1=" " ind2=" ">
   <subfield code="a">Literaturverz. S. 27 - 32</subfield>
  </datafield>
  <datafield tag="583" ind1="1" ind2=" ">
   <subfield code="a">Archivierung/Langzeitarchivierung gewährleistet</subfield>
   <subfield code="f">SSG</subfield>
   <subfield code="x">XA-DE-BW</subfield>
   <subfield code="2">pdager</subfield>
   <subfield code="5">DE-21</subfield>
  </datafield>
  <datafield tag="583" ind1="1" ind2=" ">
   <subfield code="a">Archivierung/Langzeitarchivierung gewährleistet</subfield>
   <subfield code="f">SSG</subfield>
   <subfield code="x">XA-DE-BW</subfield>
   <subfield code="2">pdager</subfield>
   <subfield code="5">DE-16</subfield>
  </datafield>
  <datafield tag="689" ind1="0" ind2="0">
   <subfield code="d">b</subfield>
   <subfield code="0">(DE-588)4249088-1</subfield>
   <subfield code="0">(DE-627)700684476</subfield>
   <subfield code="0">(DE-576)210747110</subfield>
   <subfield code="a">Stift St. Paulin Trier</subfield>
   <subfield code="2">gnd</subfield>
  </datafield>
  <datafield tag="689" ind1="0" ind2=" ">
   <subfield code="5">(DE-627)</subfield>
  </datafield>
  <datafield tag="787" ind1="0" ind2="8">
   <subfield code="i">Rezensiert in</subfield>
   <subfield code="a">Zahn, Eberhard, 1922 - 1989</subfield>
   <subfield code="t">[Rezension von: Germania Sacra, Neue Folge 6, Die Bistumer der Kirchenprovinz Trier, Das Erzbistum Trier 1. Das Stift St. Paulin vor Trier]</subfield>
   <subfield code="d">1973</subfield>
   <subfield code="w">(DE-627)1813222320</subfield>
  </datafield>
  <datafield tag="830" ind1=" " ind2="4">
   <subfield code="a">Das Erzbistum Trier</subfield>
   <subfield code="v">1</subfield>
   <subfield code="9">1</subfield>
   <subfield code="w">(DE-627)1076545785</subfield>
   <subfield code="w">(DE-576)006545785</subfield>
   <subfield code="7">nm</subfield>
  </datafield>
  <datafield tag="830" ind1=" " ind2="0">
   <subfield code="a">Germania sacra</subfield>
   <subfield code="v">N.F., 6 : Die Bistümer der Kirchenprovinz Trier</subfield>
   <subfield code="9">1006</subfield>
   <subfield code="w">(DE-627)165798696</subfield>
   <subfield code="w">(DE-576)090797825</subfield>
   <subfield code="w">(DE-600)17839-1</subfield>
   <subfield code="x">0435-5857</subfield>
   <subfield code="7">ns</subfield>
  </datafield>
  <datafield tag="856" ind1="4" ind2="2">
   <subfield code="u">http://d-nb.info/841000093/04</subfield>
   <subfield code="m">V:DE-603</subfield>
   <subfield code="q">application/pdf</subfield>
   <subfield code="3">Inhaltsverzeichnis</subfield>
  </datafield>
  <datafield tag="889" ind1=" " ind2=" ">
   <subfield code="w">(DE-576)484138685</subfield>
  </datafield>
  <datafield tag="935" ind1=" " ind2=" ">
   <subfield code="a">mteo</subfield>
  </datafield>
  <datafield tag="935" ind1=" " ind2=" ">
   <subfield code="h">SWB</subfield>
   <subfield code="i">4165</subfield>
  </datafield>
  <datafield tag="936" ind1="r" ind2="v">
   <subfield code="a">NV 9550</subfield>
   <subfield code="b">Deutschland</subfield>
   <subfield code="k">Geschichte</subfield>
   <subfield code="k">Religions- und Kirchengeschichte</subfield>
   <subfield code="k">Kirchengeschichte einzelner Länder</subfield>
   <subfield code="k">Deutschland</subfield>
   <subfield code="0">(DE-627)127150264X</subfield>
   <subfield code="0">(DE-625)rvk/131950:</subfield>
   <subfield code="0">(DE-576)20150264X</subfield>
  </datafield>
  <datafield tag="936" ind1="r" ind2="v">
   <subfield code="a">BO 1135</subfield>
   <subfield code="b">Nach Ländern</subfield>
   <subfield code="k">Theologie und Religionswissenschaften</subfield>
   <subfield code="k">Patrologie und Kirchengeschichte</subfield>
   <subfield code="k">Nachschlagewerke</subfield>
   <subfield code="k">Historisch-statistische Nachschlagewerke</subfield>
   <subfield code="k">Nach Ländern</subfield>
   <subfield code="0">(DE-627)1270702041</subfield>
   <subfield code="0">(DE-625)rvk/13905:</subfield>
   <subfield code="0">(DE-576)200702041</subfield>
  </datafield>
  <datafield tag="951" ind1=" " ind2=" ">
   <subfield code="a">MV</subfield>
  </datafield>
  <datafield tag="990" ind1=" " ind2=" ">
   <subfield code="a">Stift St. Paulin Trier</subfield>
  </datafield>
  <datafield tag="991" ind1=" " ind2=" ">
   <subfield code="a">Rezensiertes Werk</subfield>
  </datafield>
  <datafield tag="999" ind1=" " ind2=" ">
   <subfield code="a">KXP-PPN1076545793</subfield>
   <subfield code="e">4577506459</subfield>
  </datafield>
 </record>
</collection>
